| 000 | 00592nam a2200217Ii 4500 | ||
|---|---|---|---|
| 003 | JO-AjNU | ||
| 008 | 230606s9999||||xx |||||||||||||| ||und|| | ||
| 020 | _a978-1-118-318751 | ||
| 040 |
_aJO-AjNU _beng _erda _cJO-AjNU |
||
| 041 | _aeng | ||
| 050 | 1 | 4 | _aTA357.C76.2014 |
| 100 | 3 |
_aElger,Doald/Barbara Williams, _eauthor _94983 |
|
| 245 | 0 | 0 | _aEngineering Fluid Mechanics |
| 250 | _a10 ed | ||
| 264 | 3 | 1 | _aWiley, 2014 |
| 300 | _a662p | ||
| 336 |
_atext _btxt _2rdacontent |
||
| 337 |
_aunmediated _bn _2rdamedia |
||
| 338 |
_avolume _bnc _2rdacarrier |
||
| 650 | 4 |
_aFluId Mechanics _94984 |
|
| 999 |
_aE2577 _c2575 _d2575 |
||